Statistiques concernant Pays dans lesquels Dom Juan a séduit le plus de femmes

Cliquez ici pour prendre le quiz!

Statistiques générales

  • Ce quiz a été pris 87 fois
  • Le résultat moyen est 4 sur 5

Statistiques - réponses

#Pays% Correct
100France
100%
1003Espagne
99%
640Italie
99%
231Allemagne
94%
91Turquie
17%

Distribution des résultats

Percentile par nombre de réponses

% des personnes avec chaque résultat

Votre développement - résultats

Vous n’avez pas pris ce quiz